书目信息 |
| 题名: |
动物营养与饲料加工技术
|
|
| 作者: | 李德发 | |
| 分册: | ||
| 出版信息: | 北京 中国农业大学出版社 1999 |
|
| 页数: | 215 | |
| 开本: | 26cm | |
| 丛书名: | ||
| 单 册: | ||
| 中图分类: | S815 | |
| 科图分类: | ||
| 主题词: | 畜牧学 | |
| 电子资源: | ||
| ISBN: | 7-81066-085-3 | |
| 000 | 00517nam0 2200181 450 | |
| 001 | 0741144344 | |
| 005 | 20070817112544.34 | |
| 010 | @a7-81066-085-3@d¥30.00 | |
| 100 | @a20070817d km y0chiy0120 ea | |
| 101 | 0 | @achi |
| 200 | 1 | @a动物营养与饲料加工技术@Adong wu ying yang yu si liao jia gong ji shu@f李德发@Fli de fa |
| 210 | @a北京@c中国农业大学出版社@d1999 | |
| 215 | @a215@d26cm | |
| 606 | 0 | @a畜牧学 |
| 690 | @aS815@v3 | |
| 701 | 0 | @a李德发@Ali de fa |
| 801 | 0 | @aCN@bPFT@c20070817 |
| 905 | @a213230@dS815@en1@f1 | |
| 动物营养与饲料加工技术/李德发.-北京:中国农业大学出版社,1999 |
| 215;26cm |
| ISBN 7-81066-085-3:¥30.00 |
| ● |
| 相关链接 |
|
|
|
|
正题名:动物营养与饲料加工技术
索取号:S815/n1
 
预约/预借
| 序号 | 登录号 | 条形码 | 馆藏地/架位号 | 状态 | 备注 |
| 1 | 6600681 | 266006813 | 生命科学系资料室/ [索取号:S815/n1] | 在馆 |